[Event "Scarborough Open 47th"]
[Site "Scarborough"]
[Date "2024.10.26"]
[Round "3.11"]
[White "Milson, Samuel A"]
[Black "Bak, Christopher"]
[Result "0-1"]
[WhiteElo "2076"]
[BlackElo "1984"]
[PlyCount "106"]
[EventDate "2024.10.25"]
[EventType "swiss"]
[EventRounds "5"]
[EventCountry "ENG"]
[SourceTitle "BritBase"]
[Source "John Saunders"]
[SourceDate "2024.12.27"]
[SourceVersion "1"]
[SourceVersionDate "2024.12.27"]
[SourceQuality "1"]

1. e4 e6 2. d4 d5 3. e5 c5 4. c3 Nc6 5. Nf3 Bd7 6. Bd3 cxd4 7. O-O dxc3 8. Nxc3 Nge7 9. Bg5 Qb8 10. Re1 Ng6 11. Qe2 a6 12. h4 Be7 13. Bxe7 Ngxe7 14. Qd2 h6 15. Qf4 b5 16. h5 f5 17. Qh4 Qb6 18. Ne2 O-O-O 19. Rac1 Kb8 20. Ned4 Nxd4 21. Nxd4 g5 22. hxg6 Nxg6 23. Qg3 Qxd4 24. Bxf5 Ne7 25. Bh3 Rhf8 26. Qa3 Nc8 27. Rc2 Qb6 28. Rec1 b4 29. Qd3 Na7 30. Qd2 Rc8 31. Qxh6 Nb5 32. Rxc8+ Rxc8 33. Rxc8+ Bxc8 34. Qf8 Nd4 35. g4 Ne2+ 36. Kg2 d4 37. g5 d3 38. Kf1 Qc6 39. Qd6+ Qxd6 40. exd6 Nf4 41. Bg4 Bd7 42. Ke1 Kc8 43. Kd2 e5 44. Bf3 Bf5 45. Bc6 Ne6 46. Ke3 Nxg5 47. f4 exf4+ 48. Kxf4 d2 49. Ba4 Bd7 50. Bd1 Nf7 51. Ke3 Nxd6 52. Kxd2 Nc4+ 53. Kc1 a5 0-1

[Event "Scarborough Open 47th"]
[Site "Scarborough"]
[Date "2024.10.26"]
[Round "3.12"]
[White "Hepworth, Peter"]
[Black "Bharat Kumar, Balahari"]
[Result "0-1"]
[WhiteElo "1933"]
[BlackElo "2083"]
[PlyCount "64"]
[EventDate "2024.10.25"]
[EventType "swiss"]
[EventRounds "5"]
[EventCountry "ENG"]
[SourceTitle "BritBase"]
[Source "John Saunders"]
[SourceDate "2024.12.27"]
[SourceVersion "1"]
[SourceVersionDate "2024.12.27"]
[SourceQuality "1"]

1. d4 d5 2. Nf3 Nf6 3. e3 c5 4. b3 e6 5. Bd3 b6 6. O-O Bb7 7. Bb2 Be7 8. Nbd2 O-O 9. Ne5 Nbd7 10. f4 Ne4 11. Bxe4 dxe4 12. c4 f5 13. Qe2 cxd4 14. exd4 Nxe5 15. fxe5 Qe8 16. a3 Qg6 17. Rae1 Bh4 18. g3 f4 19. Nxe4 fxg3 20. d5 gxh2+ 21. Kxh2 Bxe1 22. Rxe1 Rf4 23. Nf2 Raf8 24. Nh3 Qh6 25. Bc1 Rf2+ 26. Qxf2 Rxf2+ 27. Kg3 Rf3+ 28. Kxf3 Qxh3+ 29. Ke2 Qxb3 30. d6 Qxc4+ 31. Ke3 Qc3+ 32. Ke2 Qxe5+ 0-1

[Event "Scarborough Open 47th"]
[Site "Scarborough"]
[Date "2024.10.26"]
[Round "3.13"]
[White "Pal, Rohan"]
[Black "Cowan, Richard M"]
[Result "0-1"]
[WhiteElo "2164"]
[BlackElo "1884"]
[PlyCount "107"]
[EventDate "2024.10.25"]
[EventType "swiss"]
[EventRounds "5"]
[EventCountry "ENG"]
[SourceTitle "BritBase"]
[Source "John Saunders"]
[SourceDate "2024.12.27"]
[SourceVersion "1"]
[SourceVersionDate "2024.12.27"]
[SourceQuality "1"]

1. e4 c6 2. Nf3 d5 3. Nc3 Bg4 4. h3 Bxf3 5. Qxf3 e6 6. d3 Nf6 7. Bd2 d4 8. Ne2 Qb6 9. O-O-O Nbd7 10. g4 h6 11. Qg3 O-O-O 12. h4 Nc5 13. f3 Na4 14. b3 Ba3+ 15. Kb1 Bb4 16. Qe1 Bxd2 17. Qxd2 Rhe8 18. Ka1 Nc5 19. g5 hxg5 20. hxg5 Nfd7 21. f4 Nf8 22. Bh3 Kb8 23. Bg2 a5 24. Rb1 Na6 25. Ng3 Qc5 26. Ne2 Ka7 27. Qc1 b5 28. a3 Kb7 29. Qb2 f6 30. gxf6 gxf6 31. Rbf1 Re7 32. Rh5 e5 33. Kb1 Rg7 34. Bh3 Re8 35. Rf5 Qe7 36. Qc1 Nc7 37. Kb2 Nd7 38. Qd1 b4 39. a4 Rh8 40. Rf3 Ne6 41. Qf1 {[=]} Rhh7 42. fxe5 fxe5 43. Bg2 Ka7 44. Rf2 Nec5 45. Ng1 Nb6 46. Nf3 Ka6 47. Nxe5 Nbxa4+ 48. bxa4 Nxa4+ 49. Kc1 b3 50. Nc4 b2+ 51. Kb1 Nc3+ 52. Kxb2 Qb4+ 53. Kc1 Rb7 54. Rxa5+ 0-1

[Event "Scarborough Open 47th"]
[Site "Scarborough"]
[Date "2024.10.26"]
[Round "3.14"]
[White "Fellowes, Billy"]
[Black "Hariharan, Shambavi"]
[Result "0-1"]
[WhiteElo "2085"]
[BlackElo "1926"]
[PlyCount "134"]
[EventDate "2024.10.25"]
[EventType "swiss"]
[EventRounds "5"]
[EventCountry "ENG"]
[SourceTitle "BritBase"]
[Source "John Saunders"]
[SourceDate "2024.12.27"]
[SourceVersion "1"]
[SourceVersionDate "2024.12.27"]
[SourceQuality "1"]

1. e4 e5 2. Nf3 Nc6 3. d4 exd4 4. Nxd4 Bc5 5. Be3 Bb6 6. Nf5 Bxe3 7. Nxe3 Nge7 8. Nc3 d6 9. Bc4 Be6 10. Bxe6 fxe6 11. Qg4 Kf7 12. f4 Rf8 13. O-O Qc8 14. f5 exf5 15. Nxf5 Nxf5 16. Rxf5+ Kg8 17. Nd5 Rxf5 18. exf5 Kh8 19. Rf1 Qd7 20. Qg5 Rf8 21. f6 gxf6 22. Rxf6 Rg8 23. Qh5 Qg7 24. Rf2 Ne5 25. Nf6 Ng4 26. Nxg4 Qxg4 27. Qd5 Re8 28. h3 Qg3 29. Qd4+ Kg8 30. Qc4+ Kh8 31. Qb4 Qe3 {[=]} 32. h4 b6 33. Qd2 Qxd2 34. Rxd2 Kg7 35. Kf2 Kg6 36. Kf3 Rf8+ 37. Kg3 Re8 38. c3 Re6 39. Rf2 d5 40. Rd2 c6 41. Kf3 Rf6+ 42. Kg4 h5+ 43. Kg3 Re6 44. Rf2 c5 45. Kh3 Re3+ 46. Kh2 d4 47. cxd4 cxd4 48. Kg1 Re6 49. Kh2 d3 50. Rd2 Re3 51. Kg1 Kf5 52. Kf2 Ke4 53. Kf1 Kd4 54. Rf2 Re5 55. a3 b5 56. Rf7 d2 57. Rd7+ Ke3 58. g4 hxg4 59. h5 Rxh5 60. Re7+ Kd3 61. Rd7+ Kc2 62. Rc7+ Kxb2 63. Ke2 Rh2+ 64. Kd1 g3 65. Rg7 g2 66. Rg3 Rh1+ 67. Kxd2 g1=Q 0-1

[Event "Scarborough Open 47th"]
[Site "Scarborough"]
[Date "2024.10.26"]
[Round "3.15"]
[White "Hamer, Martyn"]
[Black "Pyun, Lindsay"]
[Result "1-0"]
[WhiteElo "2055"]
[BlackElo "1798"]
[PlyCount "45"]
[EventDate "2024.10.25"]
[EventType "swiss"]
[EventRounds "5"]
[EventCountry "ENG"]
[SourceTitle "BritBase"]
[Source "John Saunders"]
[SourceDate "2024.12.27"]
[SourceVersion "1"]
[SourceVersionDate "2024.12.27"]
[SourceQuality "1"]

1. Nf3 d5 2. d4 Nf6 3. c4 e6 4. g3 c6 5. Qc2 Bd6 6. Bg2 O-O 7. O-O Re8 8. b3 Nbd7 9. Bb2 Ne4 10. Ne1 Nef6 11. Nc3 b6 12. e4 dxe4 13. Nxe4 Qc7 14. Nxd6 Qxd6 15. Nd3 Bb7 16. Rad1 Rac8 17. Rfe1 Qc7 18. Nf4 e5 19. dxe5 Nxe5 20. Qf5 Ned7 21. Nh5 Nxh5 22. Rxe8+ Rxe8 23. Rxd7 1-0

[Event "Scarborough Open 47th"]
[Site "Scarborough"]
[Date "2024.10.26"]
[Round "3.16"]
[White "Elgar, Tim"]
[Black "Dossett, Christopher S"]
[Result "1/2-1/2"]
[WhiteElo "2032"]
[BlackElo "1954"]
[PlyCount "54"]
[EventDate "2024.10.25"]
[EventType "swiss"]
[EventRounds "5"]
[EventCountry "ENG"]
[SourceTitle "BritBase"]
[Source "John Saunders"]
[SourceDate "2024.12.27"]
[SourceVersion "1"]
[SourceVersionDate "2024.12.27"]
[SourceQuality "1"]

1. Nf3 c5 2. g3 Nc6 3. Bg2 Nf6 4. O-O g6 5. c4 Bg7 6. Nc3 O-O 7. d4 cxd4 8. Nxd4 Nxd4 9. Qxd4 d6 10. Bg5 h6 11. Bd2 Ng4 12. Qd5 Ne5 13. b3 Rb8 14. Bf4 Bd7 15. Qd2 Kh7 16. Rac1 Bc6 17. Nd5 e6 18. Nc3 Bxg2 19. Kxg2 Qb6 20. h3 Rfd8 21. Rfd1 Rd7 22. e4 Rbd8 23. Qe2 Qc6 24. Kh2 g5 25. Be3 f5 26. Bd4 Rf7 27. Bxe5 Bxe5 1/2-1/2

[Event "Scarborough Open 47th"]
[Site "Scarborough"]
[Date "2024.10.26"]
[Round "3.17"]
[White "Ganti, Shriaansh"]
[Black "Patel, Keatan"]
[Result "1/2-1/2"]
[WhiteElo "1901"]
[BlackElo "1966"]
[PlyCount "54"]
[EventDate "2024.10.25"]
[EventType "swiss"]
[EventRounds "5"]
[EventCountry "ENG"]
[SourceTitle "BritBase"]
[Source "John Saunders"]
[SourceDate "2024.12.27"]
[SourceVersion "1"]
[SourceVersionDate "2024.12.27"]
[SourceQuality "1"]

1. e4 c6 2. d4 d5 3. Nc3 dxe4 4. Nxe4 Bf5 5. Ng3 Bg6 6. Nf3 Nd7 7. h4 h6 8. Bd3 Bxd3 9. Qxd3 e6 10. Bf4 Qa5+ 11. c3 Ngf6 12. Ne5 Nxe5 13. Bxe5 Be7 14. Ne4 Qd8 15. Bxf6 Bxf6 16. Qg3 O-O 17. O-O-O Be7 18. Kb1 b5 19. Qd3 f5 20. Nc5 Bxc5 21. dxc5 Qxd3+ 22. Rxd3 Rfd8 23. Rhd1 Rd5 24. Rxd5 exd5 25. Re1 Kf7 26. Kc2 Rh8 27. h5 Rd8 1/2-1/2

[Event "Scarborough Open 47th"]
[Site "Scarborough"]
[Date "2024.10.26"]
[Round "3.18"]
[White "Wareing, John P"]
[Black "Senior, Gary"]
[Result "1-0"]
[WhiteElo "1906"]
[BlackElo "2045"]
[PlyCount "69"]
[EventDate "2024.10.25"]
[EventType "swiss"]
[EventRounds "5"]
[EventCountry "ENG"]
[SourceTitle "BritBase"]
[Source "John Saunders"]
[SourceDate "2024.12.27"]
[SourceVersion "1"]
[SourceVersionDate "2024.12.27"]
[SourceQuality "1"]

1. e4 c5 2. Nf3 Nc6 3. d4 cxd4 4. Nxd4 e5 5. Nb5 d6 6. a4 Be7 7. Bc4 a6 8. N5c3 Nf6 9. Be3 O-O 10. f3 Be6 11. Na3 Rc8 12. O-O Na5 13. Bd5 Qc7 14. Rf2 Nc6 15. Nc4 Nd4 16. Na3 Bxd5 17. exd5 Nf5 18. Bd2 Qb6 19. b3 Qd4 20. Nc4 Rc7 21. Be1 Rb8 22. a5 Rbc8 23. Qd2 h6 24. Rd1 Qxd2 25. Rfxd2 Nd4 26. Bf2 Nb5 27. Na4 Rxc4 28. bxc4 Rxc4 29. Nb6 Rc3 30. Ra1 Ne8 31. Ra4 Bg5 32. Re2 Nec7 33. h4 Be7 34. Be1 Nd4 35. Rxd4 1-0

[Event "Scarborough Open 47th"]
[Site "Scarborough"]
[Date "2024.10.26"]
[Round "3.19"]
[White "Batchelor, Francis"]
[Black "Li, Joy Ching"]
[Result "0-1"]
[WhiteElo "2067"]
[BlackElo "1786"]
[PlyCount "120"]
[EventDate "2024.10.25"]
[EventType "swiss"]
[EventRounds "5"]
[EventCountry "ENG"]
[SourceTitle "BritBase"]
[Source "John Saunders"]
[SourceDate "2024.12.27"]
[SourceVersion "1"]
[SourceVersionDate "2024.12.27"]
[SourceQuality "1"]

1. c4 Nf6 2. Nc3 c5 3. g3 g6 4. Bg2 Bg7 5. e4 Nc6 6. Nge2 O-O 7. d3 e6 8. Bg5 h6 9. Be3 b6 10. h3 e5 11. Qd2 Kh7 12. f4 d6 13. O-O-O a6 14. Rdf1 Rb8 15. Nd5 b5 16. f5 Na5 17. Nxf6+ Bxf6 18. Bxh6 Rg8 19. fxg6+ Rxg6 20. Be3 bxc4 21. h4 cxd3 22. Qxd3 Be6 23. Rxf6 Qxf6 24. h5 Rgg8 25. Rf1 Qe7 26. Bd2 Nc4 27. Bc3 Qg5+ 28. Kb1 Qe3 29. Rf3 Na3+ 30. Ka1 Qxd3 31. Rxd3 Nc2+ 32. Kb1 Nd4 33. Nc1 Bg4 34. Ba5 Rb7 35. Nb3 Rgb8 36. Rd2 Nxb3 37. axb3 Rxb3 38. Bf1 Re3 39. Bc4 Bxh5 40. Rxd6 Bg6 41. Bd2 Rxg3 42. Bd5 Rg4 43. Ka2 Kg7 44. Bc3 Re8 45. Rd7 Rf4 46. Rc7 Bxe4 47. Rxc5 Bxd5+ 48. Rxd5 Re4 49. Rd7 Re6 50. Kb3 Kg6 51. Kc2 f5 52. Kd3 Rh4 53. Rd8 Kf7 54. Rd7+ Ke8 55. Rg7 Rg4 56. Rh7 e4+ 57. Ke2 f4 58. Rh8+ Kd7 59. Rf8 f3+ 60. Ke3 Rg2 0-1

[Event "Scarborough Open 47th"]
[Site "Scarborough"]
[Date "2024.10.26"]
[Round "3.20"]
[White "Stonehouse, Raymond"]
[Black "Varley, Joe"]
[Result "0-1"]
[WhiteElo "1927"]
[BlackElo "1914"]
[PlyCount "62"]
[EventDate "2024.10.25"]
[EventType "swiss"]
[EventRounds "5"]
[EventCountry "ENG"]
[SourceTitle "BritBase"]
[Source "John Saunders"]
[SourceDate "2024.12.27"]
[SourceVersion "1"]
[SourceVersionDate "2024.12.27"]
[SourceQuality "1"]

1. e4 c5 2. d4 cxd4 3. Nf3 Nf6 4. e5 Nd5 5. c3 Nc6 6. cxd4 e6 7. Nc3 Nxc3 8. bxc3 d6 9. Bd3 Qa5 10. O-O dxe5 11. Nxe5 Nxe5 12. dxe5 Be7 13. Bf4 O-O 14. Qc2 g6 15. Rad1 Rd8 16. Be4 Bd7 17. Bxb7 Ba4 18. Rxd8+ Rxd8 19. Qe4 Bb5 20. c4 Ba6 21. Bxa6 Qxa6 22. Be3 Qxa2 23. Qb7 Bf8 24. c5 Qc4 25. g3 Bg7 26. Qc7 Qd5 27. f4 Bf8 28. Rf2 Rd7 29. Qa5 Rb7 30. Qc3 Rb1+ 31. Rf1 Rb3 0-1

[Event "Scarborough Open 47th"]
[Site "Scarborough"]
[Date "2024.10.26"]
[Round "3.21"]
[White "Dilleigh, Stephen P"]
[Black "Waterfield, Mark B"]
[Result "1-0"]
[WhiteElo "2029"]
[BlackElo "1816"]
[PlyCount "103"]
[EventDate "2024.10.25"]
[EventType "swiss"]
[EventRounds "5"]
[EventCountry "ENG"]
[SourceTitle "BritBase"]
[Source "John Saunders"]
[SourceDate "2024.12.27"]
[SourceVersion "1"]
[SourceVersionDate "2024.12.27"]
[SourceQuality "1"]

1. Nf3 d5 2. d4 Nf6 3. c4 e6 4. Nc3 c5 5. cxd5 exd5 6. g3 Nc6 7. Bg2 Be7 8. O-O O-O 9. dxc5 Bxc5 10. a3 a5 11. Bf4 Bf5 12. Rc1 d4 13. Nb5 Qb6 14. a4 Nd5 15. Rxc5 Qxc5 16. Bd6 Qc4 17. b3 Qc2 18. Qxc2 Bxc2 19. Bxf8 Kxf8 20. Nfxd4 Ndb4 21. Nxc2 Nxc2 22. Rd1 Ke7 23. e3 N2b4 24. Kf1 Na6 25. Bd5 Nc5 26. Rc1 Nd3 27. Rc3 Ndb4 28. Bg2 Rd8 29. Ke2 Rd7 30. f4 Nd5 31. Rd3 Ncb4 32. Rd2 b6 33. e4 Nf6 34. Rxd7+ Nxd7 35. Kd2 Nc5 36. Nd4 f6 37. Kc3 Nbd3 38. Kc4 Kd7 39. Bf1 Nf2 40. e5 Kc7 41. Kd5 Ng4 42. Nb5+ Kd8 43. Bh3 Nxh2 44. Nd4 fxe5 45. fxe5 g5 46. Bf5 Nf1 47. Bxh7 Nxg3 48. Nc6+ Kd7 49. Nd4 Nh5 50. Bf5+ Ke7 51. Kc6 Ng7 52. Kxb6 1-0

[Event "Scarborough Open 47th"]
[Site "Scarborough"]
[Date "2024.10.26"]
[Round "3.22"]
[White "Kilshaw, Joe"]
[Black "Larchikov, Maksym"]
[Result "1-0"]
[WhiteElo "1929"]
[BlackElo "2077"]
[PlyCount "65"]
[EventDate "2024.10.25"]
[EventType "swiss"]
[EventRounds "5"]
[EventCountry "ENG"]
[SourceTitle "BritBase"]
[Source "John Saunders"]
[SourceDate "2024.12.27"]
[SourceVersion "1"]
[SourceVersionDate "2024.12.27"]
[SourceQuality "1"]

1. d4 d5 2. Nc3 Nf6 3. Bf4 a6 4. e3 e6 5. a3 c5 6. Nf3 b5 7. dxc5 Bxc5 8. Bd3 Bb7 9. Qe2 Qb6 10. O-O Nbd7 11. a4 b4 12. a5 Qd8 13. Na4 Be7 14. b3 Qxa5 15. Ne5 O-O 16. g4 Nxe5 17. Bxe5 Nd7 18. Bd4 e5 19. Nb6 Qxa1 20. Bxa1 Nxb6 21. Bxe5 Nd7 22. Bd4 Bf6 23. f3 Bxd4 24. exd4 Rae8 25. Qf2 Nf6 26. Re1 a5 27. Re5 Nd7 28. Rxe8 Rxe8 29. Bb5 Re7 30. Qg3 Nf8 31. Qd6 Re1+ 32. Kf2 Rc1 33. Bd3 1-0

[Event "Scarborough Open 47th"]
[Site "Scarborough"]
[Date "2024.10.26"]
[Round "3.23"]
[White "Booth, Steven B"]
[Black "Armstrong, Malcolm J"]
[Result "0-1"]
[WhiteElo "1938"]
[BlackElo "2025"]
[PlyCount "114"]
[EventDate "2024.10.25"]
[EventType "swiss"]
[EventRounds "5"]
[EventCountry "ENG"]
[SourceTitle "BritBase"]
[Source "John Saunders"]
[SourceDate "2024.12.27"]
[SourceVersion "1"]
[SourceVersionDate "2024.12.27"]
[SourceQuality "1"]

1. d4 Nf6 2. c4 c5 3. d5 e5 4. Nc3 d6 5. e4 Be7 6. g3 O-O 7. Bg2 a6 8. a4 Ne8 9. Nge2 Bg5 10. O-O b6 11. f4 exf4 12. gxf4 Bf6 13. Bd2 g6 14. Ng3 Bd4+ 15. Kh1 Qh4 16. Qe1 Ra7 17. Nce2 Bg7 18. Ng1 Qd8 19. Bc3 Re7 20. Bxg7 Nxg7 21. Qc3 Nd7 22. Rae1 f6 23. Nf3 Qc7 24. Bh3 Qb8 25. Re3 b5 26. axb5 axb5 27. b3 bxc4 28. bxc4 Qb4 29. Qxb4 cxb4 30. Bxd7 Bxd7 31. Nd4 Rc8 32. Rc1 Nf5 33. Ngxf5 gxf5 34. Rg3+ Rg7 35. Rxg7+ Kxg7 36. exf5 b3 37. Ne6+ Kf7 38. Rb1 Ba4 39. Kg2 Rxc4 40. Kf3 Rc2 41. Nd4 Rxh2 42. Ne2 Bb5 43. Nd4 Bc4 44. Kg3 Rd2 45. Nxb3 Rd3+ 46. Kg4 Rxb3 47. Ra1 Be2+ 48. Kh4 Rb7 49. Ra8 Bf3 50. Rd8 Bxd5 51. Rxd6 Bf3 52. Ra6 h5 53. Ra3 Bg4 54. Ra5 Rb3 55. Ra7+ Ke8 56. Ra8+ Kd7 57. Ra7+ Kc8 0-1

[Event "Scarborough Open 47th"]
[Site "Scarborough"]
[Date "2024.10.26"]
[Round "3.24"]
[White "Hutchinson, Paul A"]
[Black "Nezis, Anastasios"]
[Result "1-0"]
[WhiteElo "2040"]
[BlackElo "1930"]
[PlyCount "55"]
[EventDate "2024.10.25"]
[EventType "swiss"]
[EventRounds "5"]
[EventCountry "ENG"]
[SourceTitle "BritBase"]
[Source "John Saunders"]
[SourceDate "2024.12.27"]
[SourceVersion "1"]
[SourceVersionDate "2024.12.27"]
[SourceQuality "1"]

1. d4 d6 2. Nf3 Bg4 3. e4 c6 4. Nc3 Nf6 5. Be2 Nbd7 6. Bg5 Qa5 7. Qd2 e6 8. O-O Be7 9. Rfe1 h6 10. Bf4 O-O 11. e5 Ne8 12. Bxh6 Bxf3 13. Bxf3 gxh6 14. Qxh6 dxe5 15. Re4 Bf6 16. Rg4+ Bg7 17. Ne4 Qd8 18. dxe5 Nxe5 19. Rxg7+ Nxg7 20. Nf6+ Qxf6 21. Qxf6 Nxf3+ 22. gxf3 Rfd8 23. Kh1 Kf8 24. Rg1 Nf5 25. Rg5 Ke8 26. Rg8+ Kd7 27. Qxf7+ Ne7 28. Rg6 1-0

[Event "Scarborough Open 47th"]
[Site "Scarborough"]
[Date "2024.10.26"]
[Round "3.25"]
[White "Sheppard, Derek A"]
[Black "Cansdale, Zachary"]
[Result "0-1"]
[WhiteElo "1826"]
[BlackElo "1949"]
[PlyCount "58"]
[EventDate "2024.10.25"]
[EventType "swiss"]
[EventRounds "5"]
[EventCountry "ENG"]
[SourceTitle "BritBase"]
[Source "John Saunders"]
[SourceDate "2024.12.27"]
[SourceVersion "1"]
[SourceVersionDate "2024.12.27"]
[SourceQuality "1"]

1. d4 d5 2. Nf3 Nf6 3. c4 c6 4. e3 e6 5. Nc3 Nbd7 6. Bd3 dxc4 7. Bxc4 b5 8. Be2 a6 9. O-O Bb7 10. b3 c5 11. dxc5 Bxc5 12. Bb2 O-O 13. a3 Rc8 14. b4 Ba7 15. Rc1 Qe7 16. Qb3 Nb6 17. Nd2 Bb8 18. Bf3 Nc4 19. Nxc4 Bxf3 20. gxf3 Rxc4 21. Ne2 Rh4 22. Ng3 Nd5 23. Kh1 Qb7 24. e4 Nf4 25. Qc3 f6 26. Qc6 Qf7 27. Rg1 Qg6 28. Nf1 Qh5 29. Qd7 Qxf3+ 0-1

[Event "Scarborough Open 47th"]
[Site "Scarborough"]
[Date "2024.10.26"]
[Round "3.26"]
[White "Melia, Alfie"]
[Black "Rogowski, Rafal"]
[Result "0-1"]
[WhiteElo "1988"]
[BlackElo "1728"]
[PlyCount "125"]
[EventDate "2024.10.25"]
[EventType "swiss"]
[EventRounds "5"]
[EventCountry "ENG"]
[SourceTitle "BritBase"]
[Source "John Saunders"]
[SourceDate "2024.12.27"]
[SourceVersion "1"]
[SourceVersionDate "2024.12.27"]
[SourceQuality "1"]

1. e4 g6 2. d4 Bg7 3. Nc3 c5 4. d5 d6 5. Nf3 a6 6. a4 e5 7. Nd2 Nf6 8. a5 O-O 9. Be2 Re8 10. Nc4 Qe7 11. O-O Nbd7 12. Kh1 h6 13. Be3 Kh7 14. Qd2 Rb8 15. b3 Nf8 16. Nb6 N8d7 17. Nxc8 Rbxc8 18. Rfb1 Rf8 19. Ra4 Rc7 20. b4 cxb4 21. Raxb4 Nb8 22. Bb6 Rd7 23. Ba7 Rc7 24. Bxb8 Rxb8 25. Bxa6 Rbc8 26. Rxb7 Qd8 27. Rxc7 Rxc7 28. Bb7 Rc5 29. a6 Ra5 30. Qe3 Ng4 31. Qg3 h5 32. h3 Nf6 33. Qe3 Qc7 34. Rb3 Ra1+ 35. Kh2 Bh6 36. Qf3 Kg7 37. Rb1 Ra5 38. Qd3 Qc5 39. Kg1 h4 40. Nb5 Nxe4 41. Qxe4 Rxb5 42. Rxb5 Qxb5 43. Qxh4 Qb1+ 44. Kh2 Qb6 45. g4 Bf4+ 46. Kg2 g5 47. Qh5 Qd4 48. h4 Qe4+ 49. Kf1 Qh1+ 50. Ke2 e4 51. hxg5 Qf3+ 52. Ke1 Qc3+ 53. Kf1 Qxc2 54. Qh6+ Kg8 55. Qh3 Qd1+ 56. Kg2 Qa4 57. Qc3 Bxg5 58. Qc8+ Kg7 59. Qf5 f6 60. Qe6 e3 61. fxe3 Qc2+ 62. Kg3 Qe2 63. Qe4 0-1

[Event "Scarborough Open 47th"]
[Site "Scarborough"]
[Date "2024.10.26"]
[Round "3.27"]
[White "Tarr, Steve"]
[Black "Harkness, Bryan D"]
[Result "1/2-1/2"]
[WhiteElo "1788"]
[BlackElo "1986"]
[PlyCount "24"]
[EventDate "2024.10.25"]
[EventType "swiss"]
[EventRounds "5"]
[EventCountry "ENG"]
[SourceTitle "BritBase"]
[Source "John Saunders"]
[SourceDate "2024.12.27"]
[SourceVersion "1"]
[SourceVersionDate "2024.12.27"]
[SourceQuality "1"]

1. d4 Nf6 2. Bf4 g6 3. Nc3 d5 4. e3 Bg7 5. h4 Ne4 6. Nf3 Bg4 7. Be2 Nxc3 8. bxc3 c5 9. Ne5 Bxe2 10. Qxe2 Qa5 11. O-O Nc6 12. Rab1 Nxe5 1/2-1/2

[Event "Scarborough Open 47th"]
[Site "Scarborough"]
[Date "2024.10.26"]
[Round "3.28"]
[White "Longson, Sarah N"]
[Black "Garnett, John S"]
[Result "1-0"]
[WhiteElo "1947"]
[BlackElo "1884"]
[PlyCount "45"]
[EventDate "2024.10.25"]
[EventType "swiss"]
[EventRounds "5"]
[EventCountry "ENG"]
[SourceTitle "BritBase"]
[Source "John Saunders"]
[SourceDate "2024.12.27"]
[SourceVersion "1"]
[SourceVersionDate "2024.12.27"]
[SourceQuality "1"]

1. e4 d5 2. exd5 Nf6 3. d4 Bg4 4. f3 Bf5 5. g4 Bg6 6. c4 e6 7. g5 Nfd7 8. dxe6 Bb4+ 9. Nc3 fxe6 10. Nge2 Nc6 11. a3 Bxc3+ 12. Nxc3 Qe7 13. f4 O-O-O 14. Be3 h6 15. b4 hxg5 16. b5 Nxd4 17. Qxd4 gxf4 18. Qxf4 Nf6 19. Be2 Bd3 20. O-O g5 21. Qxf6 Qd6 22. Qf2 Rdf8 23. Qg3 1-0

[Event "Scarborough Open 47th"]
[Site "Scarborough"]
[Date "2024.10.26"]
[Round "3.29"]
[White "Retout, Steve P"]
[Black "Ponting, Andrew"]
[Result "0-1"]
[WhiteElo "2013"]
[BlackElo "1923"]
[PlyCount "38"]
[EventDate "2024.10.25"]
[EventType "swiss"]
[EventRounds "5"]
[EventCountry "ENG"]
[SourceTitle "BritBase"]
[Source "John Saunders"]
[SourceDate "2024.12.27"]
[SourceVersion "1"]
[SourceVersionDate "2024.12.27"]
[SourceQuality "1"]

1. c4 e6 2. g3 d5 3. Bg2 Nf6 4. Nf3 Nbd7 5. b3 Be7 6. Bb2 O-O 7. d4 c6 8. O-O b6 9. Nbd2 Bb7 10. cxd5 cxd5 11. Ne5 Nxe5 12. dxe5 Nd7 13. e4 Nc5 14. exd5 Bxd5 15. Nf3 a5 16. Qe2 Ra7 17. Rfd1 Qa8 18. Rd4 f5 19. exf6 Bxf6 0-1

[Event "Scarborough Open 47th"]
[Site "Scarborough"]
[Date "2024.10.26"]
[Round "3.30"]
[White "Ridge, Michael"]
[Black "Richmond, Frank"]
[Result "1-0"]
[WhiteElo "1885"]
[BlackElo "1695"]
[PlyCount "39"]
[EventDate "2024.10.25"]
[EventType "swiss"]
[EventRounds "5"]
[EventCountry "ENG"]
[SourceTitle "BritBase"]
[Source "John Saunders"]
[SourceDate "2024.12.27"]
[SourceVersion "1"]
[SourceVersionDate "2024.12.27"]
[SourceQuality "1"]

1. Nf3 Nf6 2. g3 g6 3. Bg2 Bg7 4. O-O O-O 5. d4 d5 6. c4 c6 7. a4 Bf5 8. Nc3 dxc4 9. a5 Nd5 10. Qa4 Be6 11. Ng5 Bxd4 12. Nxe6 fxe6 13. Qxc4 Bg7 14. Ne4 h6 15. Nc5 Qc8 16. Bh3 Rf6 17. e4 Nc7 18. e5 Rf3 19. Nxe6 Kh8 20. Ng5 1-0

[Event "Scarborough Open 47th"]
[Site "Scarborough"]
[Date "2024.10.27"]
[Round "4.1"]
[White "Boswell, Jacob Connor"]
[Black "Kalavannan, Koby"]
[Result "1/2-1/2"]
[WhiteElo "2271"]
[BlackElo "2303"]
[PlyCount "103"]
[EventDate "2024.10.25"]
[EventType "swiss"]
[EventRounds "5"]
[EventCountry "ENG"]
[SourceTitle "BritBase"]
[Source "John Saunders"]
[SourceDate "2024.12.27"]
[SourceVersion "1"]
[SourceVersionDate "2024.12.27"]
[SourceQuality "1"]

1. e4 c5 2. Nf3 Nc6 3. d4 cxd4 4. Nxd4 Qb6 5. Nb3 Nf6 6. Nc3 e6 7. Be3 Qc7 8. Bc5 Bxc5 9. Nxc5 Nb4 10. Nd3 a5 11. Rc1 O-O 12. a3 Nc6 13. Be2 d5 14. exd5 exd5 15. O-O Bf5 16. Qd2 d4 17. Nb5 Qb6 18. a4 Bg6 19. Rfe1 Rad8 20. Bf3 Bh5 21. Bxh5 Nxh5 22. Re2 Rd5 23. Rce1 Qd8 24. h3 h6 25. Rd1 Nf6 26. Qf4 Qb8 27. Qf3 Rfd8 28. Red2 Nh7 29. Qf4 Qc8 30. Qc7 Ng5 31. Qxc8 Rxc8 32. Nf4 Re5 33. f3 Ne6 34. Nxe6 fxe6 35. Nxd4 Nxd4 36. Rxd4 Rxc2 37. R1d2 Rxd2 38. Rxd2 b5 39. Rd4 bxa4 40. Rxa4 Rb5 41. Kh2 Kf7 42. h4 h5 43. Kh3 Kf6 44. g4 hxg4+ 45. Kxg4 Ke7 46. h5 Kf7 47. Rf4+ Kg8 48. Re4 Rxb2 49. Rxe6 a4 50. Ra6 Ra2 51. h6 gxh6 52. Rxh6 1/2-1/2